| 000 | 00477nam a2200193Ia 4500 | ||
|---|---|---|---|
| 005 | 20250423094315.0 | ||
| 008 | 250422s9999 xx 000 0 und d | ||
| 020 | _a9780131298378 | ||
| 050 | _aRC 454 .F57/ | ||
| 100 | _aFirestone, Philip. | ||
| 245 | 0 | _aAbnormal psychology: perspective | |
| 250 | _a3rd ed. | ||
| 260 | _aUnited State | ||
| 260 | _bPearson Prentice Hall | ||
| 260 | _c2007 | ||
| 300 | _a580 p | ||
| 650 | _aPsychology, Pathological. | ||
| 942 | _cBK | ||
| 999 |
_c26860 _d26860 |
||